00255nam a2200109Ia 4500008004100000100001200041245003400053250000800087260002400095300000800119650001800127191201s2006 xx 000 0 und d aSOOD, R 0aMedical Laboratory Technology a5th aN.DelhibJ. Pc2006 a732 aGeneral Books